Billie Eilish - Toutes les chansons - Statistiques

Statistiques générales
  • Ce quiz a été pris 4 050 fois
  • Le résultat moyen est 46 sur 67
Statistiques - réponses
Hint Réponse % Correct
When We All Fall Asleep, Where Do We Go? 2 bad guy
92%
Singles 2019 bad guy (ft. Justin Bieber)
92%
Happier Than Ever 15 Happier Than Ever
90%
Hit Me Hard and Soft 5 WILDFLOWER
90%
Hit Me Hard and Soft 2 LUNCH
89%
Hit Me Hard and Soft 10 BLUE
88%
Hit Me Hard and Soft 3 CHIHIRO
88%
Don’t smile at me 7 ocean eyes
88%
Hit Me Hard and Soft 7 L'AMOUR DE MA VIE
86%
Singles 2024 L'AMOUR DE MA VIE [OVER NOW EXTENDED VERSION]
86%
Hit Me Hard and Soft 4 BIRDS OF A FEATHER
85%
Hit Me Hard and Soft 1 SKINNY
85%
Guitar Songs 1 TV
84%
When We All Fall Asleep, Where Do We Go? 13 i love you
83%
Hit Me Hard and Soft 8 THE DINER
83%
Hit Me Hard and Soft 6 THE GREATEST
82%
Collaborations 2024 Guess featuring Billie Eilish de Charli xcx
79%
Don’t smile at me 6 bellyache
78%
Hit Me Hard and Soft 9 BITTERSUITE
78%
Guitar Songs 2 The 30th
78%
Don’t smile at me 2 idontwannabeyouanymore
76%
Singles 2017 lovely (ft. Khalid)
76%
Don’t smile at me 1 COPYCAT
75%
Don’t smile at me 4 watch
75%
Singles 2023 What Was I Made For?
75%
When We All Fall Asleep, Where Do We Go? 8 8
73%
When We All Fall Asleep, Where Do We Go? 5 all the good girls go to hell
73%
Happier Than Ever 13 NDA
73%
When We All Fall Asleep, Where Do We Go? 11 ilomilo
72%
When We All Fall Asleep, Where Do We Go? 7 when the party's over
72%
When We All Fall Asleep, Where Do We Go? 3 xanny
72%
When We All Fall Asleep, Where Do We Go? 10 bury a friend
71%
When We All Fall Asleep, Where Do We Go? 4 you should see me in a crown
70%
Don’t smile at me 9 &burn (ft. Vince Staples)
69%
When We All Fall Asleep, Where Do We Go? 14 goodbye
69%
Happier Than Ever 16 Male Fantasy
69%
Don’t smile at me 3 my boy
69%
Happier Than Ever 4 my future
69%
Happier Than Ever 14 Therefore I Am
69%
Happier Than Ever 3 Billie Bossa Nova
68%
When We All Fall Asleep, Where Do We Go? 12 listen before I go
68%
Singles 2020 No Time To Die
68%
Singles 2019 everything i wanted
67%
Happier Than Ever 1 Getting Older
67%
Happier Than Ever 5 Oxytocin
67%
When We All Fall Asleep, Where Do We Go? 6 wish you were gay
67%
Happier Than Ever 12 Your Power
66%
Don’t smile at me 8 hostage
65%
When We All Fall Asleep, Where Do We Go? 9 my strange addiction
65%
Happier Than Ever 8 Halley's Comet
64%
Don’t smile at me 5 party favor
64%
Happier Than Ever 6 GOLDWING
63%
Happier Than Ever 7 Lost Cause
63%
Happier Than Ever 2 I Didn't Change My Number
62%
Singles 2017 Bored
60%
Singles 2016 Six Feet Under
57%
Happier Than Ever 9 Not My Responsibility
56%
Happier Than Ever 11 Everybody Dies
55%
Happier Than Ever 10 Overheated
54%
Singles 2018 come out and play
52%
Singles 2018 bitches broken hearts
49%
Singles 2021 Lo Vas A Olvidar (ft. ROSALÍA)
47%
Singles 2019 WHEN I WAS OLDER
45%
Singles 2023 hotline
44%
Collaborations 2023 Never felt so alone de Labrinth
43%
Singles 2018 MyBoi (ft. TroyBoi)
22%
When We All Fall Asleep, Where Do We Go? 1 !!!!!!!
8%
Aucun quiz correspondant
Distribution des résultats
% des personnes avec chaque résultat
Percentile par nombre de réponses
Votre historique - résultats
Vous n’avez pas pris ce quiz